[Event "Dundee & Angus op"]
[Site "Dundee"]
[Date "2014.10.11"]
[Round "5"]
[White "Parks, Joseph"]
[Black "Dawson, Alastair G"]
[Result "1-0"]
[WhiteElo "1871"]
[BlackElo "1817"]
[PlyCount "70"]
[EventDate "2014.10.10"]
[EventType "swiss"]
[EventRounds "5"]
[EventCountry "SCO"]
[SourceTitle "EXT 2017"]
[Source "ChessBase"]
[SourceDate "2016.10.25"]
[SourceVersion "1"]
[SourceVersionDate "2016.10.25"]
[SourceQuality "1"]

1. d4 d5 2. Nf3 c6 3. e3 e6 4. b3 Bd6 5. Bd3 Qe7 6. 0-0 f5 7. Ne5 Nf6 8. Nd2 0-0 9. Bb2 Bd7 10. f4 a5 11. c4 Ne4 12. Ndf3 Be8 13. Qe1 b6 14. cxd5 exd5 15. Rc1 a4 16. Bc2 a3 17. Ba1 Bb4 18. Qe2 Qd6 19. Bxe4 fxe4 20. Nh4 Qh6 21. Qf2 Be7 22. g3 Na6 23. Ng2 g5 24. Qe2 gxf4 25. Nxf4 Nb4 26. Bc3 Ra7 27. Ng4 Qd6 28. Bxb4 Qxb4 29. Nh6+ Kh8 30. Ne6 Qd6 31. Qg4 Bg6 32. Nxf8 Bxf8 33. Rxc6 Qxc6 34. Rxf8+ Kg7 35. Rg8+ Kxh6 1-0

[Event "WchT Seniors 50"]
[Site "Vilnius"]
[Date "2014.07.16"]
[Round "4.8"]
[White "Bennett, Hilton Petrie"]
[Black "Dawson, Alastair G"]
[Result "1-0"]
[WhiteElo "2009"]
[BlackElo "1911"]
[PlyCount "101"]
[EventDate "2014.07.13"]
[EventType "team-swiss"]
[EventRounds "9"]
[EventCountry "LTU"]
[SourceTitle "CBM 161 Extra"]
[Source "ChessBase"]
[SourceDate "2014.08.29"]
[SourceVersion "1"]
[SourceVersionDate "2014.08.29"]
[SourceQuality "1"]
[WhiteTeam "New Zealand"]
[BlackTeam "Scotland"]
[WhiteTeamCountry "NZL"]
[BlackTeamCountry "SCO"]

1. e4 d6 2. Nc3 Nf6 3. f4 g6 4. Nf3 Bg7 5. Bc4 0-0 6. d3 c5 7. 0-0 a6 8. a4 Nc6 9. f5 gxf5 10. Qe1 Nd4 11. Nxd4 cxd4 12. Ne2 fxe4 13. dxe4 Nxe4 14. Nf4 Nf6 15. Qh4 d5 16. Bb3 e5 17. Nh3 Bxh3 18. Bg5 Be6 19. Bxf6 Bxf6 20. Rxf6 Kh8 21. Qg5 Qd6 22. Rh6 f5 23. Qg6 Qe7 24. Qxe6 Qg7 25. Rh3 Rae8 26. Qxd5 e4 27. Re1 Rd8 28. Qe6 Rf6 29. Qe5 e3 30. Bc4 f4 31. Bd3 h6 32. Bc4 Qf8 33. b3 Kh7 34. Bd3+ Kh8 35. Qc7 Rf7 36. Rxh6+ Qxh6 37. Qxd8+ Kg7 38. Qxd4+ Rf6 39. Qd7+ Rf7 40. Qg4+ Kf8 41. Qc8+ Kg7 42. Qg4+ Kf8 43. Rf1 Qb6 44. Kh1 Qd4 45. Qc8+ Kg7 46. Qc4 Qf6 47. Qe4 Kf8 48. Bc4 Re7 49. Qxf4 Qxf4 50. Rxf4+ Kg7 51. Bf1 1-0

[Event "WchT Seniors 50"]
[Site "Vilnius"]
[Date "2014.07.14"]
[Round "2.9"]
[White "Kraujunas, Vladas"]
[Black "Dawson, Alastair G"]
[Result "0-1"]
[WhiteElo "1691"]
[BlackElo "1911"]
[PlyCount "64"]
[EventDate "2014.07.13"]
[EventType "team-swiss"]
[EventRounds "9"]
[EventCountry "LTU"]
[SourceTitle "CBM 161 Extra"]
[Source "ChessBase"]
[SourceDate "2014.08.29"]
[SourceVersion "1"]
[SourceVersionDate "2014.08.29"]
[SourceQuality "1"]
[WhiteTeam "Lithuania III"]
[BlackTeam "Scotland"]
[WhiteTeamCountry "LTU"]
[BlackTeamCountry "SCO"]

1. e4 c5 2. Nf3 g6 3. d4 cxd4 4. Nxd4 Nc6 5. Nc3 Bg7 6. Be3 Nf6 7. f3 Qa5 8. Nb3 Qd8 9. Qd2 a6 10. 0-0-0 b5 11. g4 Ne5 12. Qf2 Rb8 13. g5 Nh5 14. Nd5 Nc4 15. Bd4 e5 16. Bc3 Qxg5+ 17. Kb1 0-0 18. Rg1 Qd8 19. Bxc4 bxc4 20. Ba5 Qe8 21. Bc7 Bb7 22. Bxb8 Qxb8 23. Na5 Bxd5 24. Rxd5 c3 25. Nb3 Nf4 26. Rxd7 Nh3 27. Qf1 Nxg1 28. Qxg1 a5 29. Qa7 Qb5 30. a4 Qf1+ 31. Ka2 cxb2 32. Kxb2 Qxf3 0-1